| 000 | 00811nam a2200229 i 4500 | ||
|---|---|---|---|
| 001 | bg | ||
| 100 | 1 | _aZABOROWSKI, Tadeusz | |
| 245 | 1 | 0 |
_aDrgania powstające przy szlifowaniu zębów kół zębatych sposobem Nilesa / _cTadeusz Zaborowski. |
| 260 |
_aGorzów Wlkp. : _bIBEN, _c1992. |
||
| 300 |
_a111 s. : _bwykr. ; _c21 cm. |
||
| 490 | 1 |
_aStudia i Materiały / Instytut Badań i Ekspertyz Naukowych. Monografie, _x0860-7761 ; _vt.12, nr 2 |
|
| 504 | _aBibliogr. s. 106-109. | ||
| 650 | 9 |
_aDrgania _xteoria |
|
| 650 | 9 |
_aSzlifowanie _xteoria |
|
| 650 | 9 |
_aKoła zębate _xteoria |
|
| 830 | 0 |
_aStudia i Materiały (Instytut Badań i Ekspertyz Naukowych). _pMonografie |
|
| 040 | _cBPK | ||
| 041 | 0 |
_apl _benru |
|
| 080 | _a534:621.92:621.82/85 | ||
| 942 | _cKS | ||
| 008 | s pl f |000 0 pol | ||
| 999 |
_c30212 _d30212 |
||
| 856 |
_uhttp://koha.tu.koszalin.pl/cgi-bin/koha/opac-detail.pl?biblionumber=30212 _yKatalog online BPK |
||